| 000 | 00754nam a22002057a 4500 | ||
|---|---|---|---|
| 999 |
_c17269 _d17269 |
||
| 003 | AR-CdUCM | ||
| 008 | 190507b ||||| |||| 00| 0 spa d | ||
| 040 |
_aMUNICIPALIDAD PROVINCIAL DEL CUSCO _cBIBLIOTECA MUNICIPAL DEL CUSCO |
||
| 082 |
_22ed. _a674 / _bB14 |
||
| 100 |
_aBadia Trias, Ismael _937169 |
||
| 245 | _aCubicación de maderas / | ||
| 260 |
_aBarcelona : _bSintes, _c1962. |
||
| 300 |
_a128 páginas ; _btablas, _c19 cm. |
||
| 505 | _aContenido: La madera -- Nociones preliminares -- Cubicación de las maderas en bruto -- Cubicación de los arboles en pie -- Cubicación de maderas escuadras ... | ||
| 650 |
_aMadera _91244 |
||
| 650 |
_aArboles _91488 |
||
| 650 |
_aCubicación _937170 |
||
| 942 |
_2ddc _cLIBROS |
||
| 945 |
_aachl _d2019-05-07 |
||